[Event "21st Hogeschool Zeeland 2017"]
[Site "Vlissingen"]
[Date "2017.08.07"]
[Round "4"]
[White "Amdouni, Zoubaier"]
[Black "Hausrath, Daniel"]
[Result "1/2-1/2"]
[WhiteElo "2299"]
[BlackElo "2491"]
[Annotator "TA"]
[PlyCount "108"]
[EventDate "2017.??.??"]
[SourceTitle "playchess.com"]
[Source "ChessBase"]
[SourceQuality "1"]

{[%evp 15,108,63,73,39,56,20,8,-68,-12,-26,-30,-13,-9,-25,-24,-18,-11,-21,-8,-15,0,0,0,0,10,-18,-25,-16,2,2,2,2,2,2,4,3,14,7,98,99,108,93,95,109,110,102,158,161,295,301,292,288,283,296,342,339,335,334,345,325,330,325,358,333,960,686,792,347,401,334,687,0,153,0,0,0,0,-322,0,0,0,0,0,0,0,0,0,0,0,0,0,0,0,0,0]} 1. e4 d6 2. d4 g6 3. Nc3 Bg7 4. Be3 a6 5. Qd2 Nd7 6. f3 b5 7. h4 h6 {B06: Modern Defence} 8. O-O-O Bb7 {LiveBook: 37 Games} 9. Qe1 $146 ({Predecessor:} 9. Nh3 Rc8 10. e5 dxe5 11. dxe5 Bxe5 12. h5 g5 13. f4 gxf4 14. Bxf4 Bd6 15. Nf2 {1-0 (35) Dubov,D (2661)-Malakhov,V (2694) Moscow 2015}) 9... e6 {White is slightly better.} 10. d5 exd5 11. exd5 (11. Nxd5 $11 Ngf6 12. Nf4) 11... Qe7 (11... Ne7 $15) 12. h5 Ngf6 13. hxg6 fxg6 14. Nh3 g5 15. a3 O-O-O 16. Bd4 Rde8 17. Bd3 Qf7 18. Qd2 Nh5 {[%cal Bf6h5,Bh5g7,Bg7f5][%mdl 32]} 19. Bxg7 Nxg7 20. f4 g4 21. Nf2 g3 22. Nfe4 Nf5 23. Be2 Qg7 24. Bf3 (24. Rh5 $5 {[%cal Rh5f5]} Ref8 25. Bf3 $14) 24... Nb6 25. Qd3 Rhf8 26. Rh5 $36 {[%mdl 2048] White is pushing.} Kb8 {[#]} (26... Ne7 $11 {keeps the balance.}) 27. Rxf5 $1 $16 {[%mdl 512]} Rxf5 {[#]} 28. Nxd6 $1 {[%mdl 512]} cxd6 29. Qxf5 Nc4 30. Qd3 Qf6 ({Better is} 30... h5) 31. Qd4 $1 {[%cal Rd4f6]} Qf5 (31... Qxd4 {might work better.} 32. Rxd4 Re1+ 33. Rd1 Rxd1+ 34. Nxd1 h5) 32. a4 $18 b4 33. Qxc4 bxc3 34. bxc3 Rc8 35. Qb4 Qf6 36. Rd4 Rc5 37. Rc4 a5 38. Qb3 Ka7 39. Kb1 Ba6 $2 (39... Rc8 40. Rxc8 Bxc8) 40. Rxc5 dxc5 {[#]} 41. Qa3 (41. d6 $142 $1 {Hoping for Qd5.} c4 (41... Qxd6 42. Qf7+) 42. Qa3) 41... Kb6 42. Qc1 Qxc3 $2 (42... Bc8 43. Qe3 Bd7) 43. Qb2+ $2 (43. f5 $18 Qb4+ 44. Qb2) 43... Qxb2+ $11 44. Kxb2 {[%mdl 4096] Endgame KB-KB} Bc8 $1 45. Be4 Kc7 46. Kc3 $2 {[%mdl 8192] [#]} (46. f5 $11 h5 47. Kc3) 46... Kd6 $2 ({Black should try} 46... Bd7 $1 $19 {[%cal Rd7a4]} 47. Kb3 Kd6) 47. f5 $1 {[%cal Rf5f6] The position is equal.} Bd7 48. f6 {Black must now prevent Bg6.} Be8 49. Kc4 h5 $1 50. Bf5 Bf7 51. Be4 {Strongly threatening Kb5.} Be8 52. Bf5 Bf7 53. Be4 {Threatens to win with Kb5.} Be8 54. Bf5 Ke5 {Precision: White = 61%, Black = 50%.} 1/2-1/2

[Event "21st Hogeschool Zeeland 2017"]
[Site "Vlissingen"]
[Date "2017.08.07"]
[Round "4"]
[White "Bluhm, Sonja Maria"]
[Black "Ten Hertog, Hugo"]
[Result "1/2-1/2"]
[WhiteElo "2255"]
[BlackElo "2466"]
[Annotator "TA"]
[PlyCount "74"]
[EventDate "2017.??.??"]
[SourceTitle "playchess.com"]
[Source "ChessBase"]
[SourceQuality "1"]

{[%evp 10,74,50,42,43,44,44,53,58,46,57,49,87,78,83,91,90,81,129,127,120,33,28,0,54,-39,-28,-28,-22,-20,-21,-42,-33,-42,-41,-48,-36,-61,-46,-62,-43,-51,0,0,0,0,0,-14,-7,-6,0,0,0,-14,0,0,0,0,0,0,0,0,0,0,0,0,0]} 1. e4 g6 2. d4 Bg7 3. Nf3 d6 4. Bc4 e6 5. O-O Ne7 6. Bf4 {LiveBook: 3 Games. B06: Modern Defence} (6. Re1 Nd7 7. c3 b6 8. Nbd2 Bb7 9. Nf1 Nf6 10. Ng3 h6 11. Bb5+ Nd7 12. Be3 a6 13. Bd3 Nf6 {1-0 (31) Kramnik,V (2801)-Radjabov,T (2784) Moscow 2012}) 6... h6 7. c3 Nd7 8. Nbd2 {White is slightly better.} g5 $146 ({Predecessor:} 8... b6 9. Re1 Bb7 10. e5 d5 11. Bd3 O-O 12. Nf1 {1-0 (26) Krivko,Y (2283)-Outioupine,V (2151) Omsk 2001}) 9. Be3 d5 10. Bb3 f5 11. exf5 exf5 {next ...f4 is good for Black.} 12. Ne5 {[#] Threatening mate with Qh5+.} Nxe5 13. dxe5 Bxe5 14. Qh5+ Kf8 15. Nf3 (15. f4 $16 gxf4 16. Nf3 (16. Bxf4 Bxf4 17. Rxf4 Qd6 $14)) 15... Bf6 $1 $14 16. Bc5 Kg7 17. Bxe7 (17. Rfe1 $1 $14) 17... Qxe7 $15 18. Bxd5 {[#] Threatens to win with Rfe1.} Qe8 19. Qxe8 Rxe8 20. Rfe1 Bd7 21. Rxe8 Rxe8 22. Re1 Rd8 23. h3 Bc8 24. Bb3 h5 25. Nd4 Bxd4 26. Re7+ {The position is equal.} Kf6 27. Rf7+ Kg6 28. cxd4 $11 {[%mdl 4096] Endgame KRB-KRB} Bd7 29. Re7 Kf6 30. Rf7+ Kg6 31. Re7 f4 32. Bc2+ Kf6 33. Rh7 h4 34. Rh6+ Kf7 35. Rh7+ Kf6 36. Rh6+ Ke7 37. Rh7+ Kf6 {Precision: White = 55%, Black = 55%.} 1/2-1/2

[Event "21st Hogeschool Zeeland 2017"]
[Site "Vlissingen"]
[Date "2017.08.07"]
[Round "4"]
[White "Kersten, Uwe"]
[Black "Admiraal, Miguoel"]
[Result "0-1"]
[WhiteElo "2245"]
[BlackElo "2447"]
[Annotator "TA"]
[PlyCount "80"]
[EventDate "2017.??.??"]
[SourceTitle "playchess.com"]
[Source "ChessBase"]
[SourceQuality "1"]

{[%evp 9,80,6,7,0,10,4,11,-14,1,-27,-25,-34,-33,-86,-73,-81,-25,-13,-15,-11,-6,-20,0,-25,0,0,0,-20,-20,-81,-41,-53,-36,-17,-2,-83,-79,-126,-107,-119,-113,-116,-121,-124,-51,-176,-170,-170,-110,-109,-33,-160,-168,-172,-171,-167,-155,-542,-529,-632,-625,-604,-625,-617,-604,-602,-601,-581,-572,-600,-540,-29983,-29983]} 1. e4 c6 2. d4 d5 3. exd5 cxd5 4. Bf4 Nc6 5. c3 Bf5 (5... Nf6 6. Nd2 a6 7. Bd3 Bg4 8. Qb3 Ra7 9. Ngf3 e6 10. O-O Be7 11. Ne5 Nxe5 12. dxe5 Nd7 13. Be3 Ra8 {½-½ (67) Morozevich,A (2676)-Fedoseev,V (2667) Moscow 2016}) 6. Nf3 {B13: Caro-Kann: Exchange Variation and Panov-Botvinnik Attack} e6 7. Qb3 Qd7 8. Nbd2 {The position is equal.} f6 9. Be2 g5 {[%cal Bg7g5,Bg5g4][%mdl 32]} 10. Bg3 h5 11. h4 (11. h3 $1 $15) 11... g4 $17 12. Nh2 e5 $146 (12... Bg6 $17) ({Predecessor:} 12... Bh6) 13. dxe5 $11 fxe5 14. O-O Nge7 {[%cal Bg8e7,Be7c6,Bc6d4][%mdl 32]} 15. Rfe1 Bg7 16. Bb5 a6 17. Bxc6 Nxc6 18. Rad1 Qf7 $36 {[%mdl 2048] Black has good play.} 19. c4 (19. Qb6 $11 {keeps the balance.}) 19... O-O {[%cal Bh8f8,Bf8f6,Bf6c6][%mdl 32]} 20. cxd5 Nd4 21. Qb6 $1 Qxd5 {Hoping for ...Nc2.} 22. Nb3 (22. Nhf1 $11) 22... Rf6 $17 23. Qc5 {[#]} Ne2+ $1 {[%mdl 512]} 24. Kh1 (24. Rxe2 Qxd1+) 24... Nxg3+ 25. fxg3 Qxc5 26. Nxc5 {[#]} Rc6 (26... b6 $1 $17 {[%cal Rb6c5]} 27. Nb3 Raf8 28. Rxe5 Bg6) 27. b4 {[#]} (27. Nxb7 $15 Rb8 28. Na5) 27... a5 $1 $19 28. a3 axb4 (28... b6 $19 29. Ne4 Bxe4 30. Rxe4 Rc3 31. bxa5 Rxa5) 29. axb4 $17 Rb6 (29... b6 $17 30. Ne4 Bf8) 30. Rf1 ({Better is} 30. Nf1 $15) 30... Rf8 31. Nd7 Bxd7 $1 32. Rxd7 Rxb4 33. Rxf8+ $2 (33. Rc1 $17 {is more resistant.}) 33... Bxf8 $19 {[%mdl 4096] Endgame KRB-KRN} 34. Nf1 Bc5 35. Kh2 b5 36. Rc7 Bd4 37. Nd2 Be3 38. Nf1 Bf2 39. Nd2 Rd4 40. Nb3 Rd3 {Precision: White = 25%, Black = 54%.} 0-1

[Event "21st Hogeschool Zeeland 2017"]
[Site "Vlissingen"]
[Date "2017.08.07"]
[Round "4"]
[White "Nguyen, Kevin"]
[Black "Breukelman, Jan"]
[Result "1/2-1/2"]
[WhiteElo "2224"]
[BlackElo "2395"]
[Annotator "RC"]
[PlyCount "54"]
[EventDate "2017.??.??"]
[SourceTitle "playchess.com"]
[Source "ChessBase"]
[SourceQuality "1"]
[TimeControl "40/5400+30:1800+30"]

1. e4 {[%emt 0:00:00]} c6 {[%emt 0:00:04]} 2. Nc3 {[%emt 0:00:00]} d5 {[%emt 0:00:07]} 3. Nf3 {[%emt 0:00:01]} Bg4 {[%emt 0:00:12]} 4. h3 {[%emt 0:00:05]} Bxf3 {[%emt 0:00:06]} 5. Qxf3 {[%emt 0:00:04]} Nf6 {[%emt 0:00:30]} 6. d3 {[%emt 0:00:07]} e6 {[%emt 0:00:10]} 7. Bd2 {[%emt 0:00:04]} Qb6 {[%emt 0:03:57]} 8. O-O-O {[%emt 0:00:51]} d4 {[%emt 0:01:10]} 9. Ne2 {[%emt 0:02:43]} Na6 {[%emt 0:10:06]} 10. g4 {[%emt 0:00:25]} e5 {[%emt 0:16:58]} 11. Kb1 {[%emt 0:11:10]} Nc5 {[%emt 0:03:45]} 12. Nc1 {[%emt 0:00:27]} a5 {[%emt 0:01:30]} 13. Qg3 {[%emt 0:03:02]} Bd6 {[%emt 0:03:34]} 14. f4 {[%emt 0:00:56]} Nfd7 {[%emt 0:04:49]} 15. fxe5 {[%emt 0:01:29]} Bxe5 {[%emt 0:00:33]} 16. Bf4 {[%emt 0:00:52]} Bxf4 {[%emt 0:05:28]} 17. Qxf4 {[%emt 0:03:39]} Na4 {[%emt 0:00:46]} 18. Nb3 Nxb2 {[%emt 0:00:05]} 19. Kxb2 {[%emt 0:01:20]} a4 {[%emt 0:00:08]} 20. Qd6 {[%emt 0:08:32]} axb3 21. axb3 {[%emt 0:01:09]} Nc5 {[%emt 0:06:08]} 22. Ra1 {[%emt 0:20:19]} Rxa1 {[%emt 0:06:06]} 23. Kxa1 {[%emt 0:00:10]} Qa5+ {[%emt 0:30:12]} 24. Kb1 {[%emt 0:00:03]} Qe1+ {[%emt 0:00:07]} 25. Kb2 {[%emt 0:00:11]} Qc3+ {[%emt 0:00:05]} 26. Kb1 {[%emt 0:00:09]} Qe1+ {[%emt 0:02:01]} 27. Kb2 {[%emt 0:00:03]} Qc3+ 1/2-1/2

[Event "21st Hogeschool Zeeland 2017"]
[Site "Vlissingen"]
[Date "2017.08.07"]
[Round "4"]
[White "Klepke, Ricardo"]
[Black "Maatman, Nick"]
[Result "1/2-1/2"]
[WhiteElo "2205"]
[BlackElo "2386"]
[Annotator "ChessBase"]
[PlyCount "60"]
[EventDate "2017.??.??"]
[SourceTitle "playchess.com"]
[Source "ChessBase"]
[SourceQuality "1"]
[TimeControl "40/5400+30:1800+30"]

1. d4 {[%emt 0:00:00]} Nf6 {[%emt 0:01:47]} 2. c4 {[%emt 0:00:00]} g6 {[%emt 0:01:07]} 3. Nc3 {[%emt 0:00:00]} Bg7 {[%emt 0:00:03]} 4. e4 {[%emt 0:00:32]} d6 {[%emt 0:00:04]} 5. f3 {[%emt 0:00:23]} O-O {[%emt 0:00:16]} 6. Be3 {[%emt 0:00:05]} Nc6 {[%emt 0:00:24]} 7. Nge2 {[%emt 0:01:59]} a6 {[%emt 0:03:29]} 8. Ng3 {[%emt 0:04:05]} Re8 {[%emt 0:11:24]} 9. Be2 {[%emt 0:03:24]} e5 {[%emt 0:03:03]} 10. dxe5 {[%emt 0:02:03]} dxe5 {[%emt 0:01:37]} 11. Qxd8 {[%emt 0:04:56]} Rxd8 {[%emt 0:01:19]} 12. Nd5 {[%emt 0:01:15]} Nxd5 {[%emt 0:02:27]} 13. cxd5 {[%emt 0:00:48]} Nd4 {[%emt 0:02:21]} 14. Rc1 {[%emt 0:05:24]} c6 {[%emt 0:01:27]} 15. Bc4 {[%emt 0:00:37]} b5 {[%emt 0:06:44]} 16. Bxd4 {[%emt 0:01:18]} exd4 {[%emt 0:00:06]} 17. Bb3 {[%emt 0:00:10]} cxd5 {[%emt 0:00:22]} 18. Bxd5 {[%emt 0:00:20]} Ra7 {[%emt 0:00:11]} 19. Ke2 {[%emt 0:21:42]} Be6 {[%emt 0:04:24]} 20. Kd3 {[%emt 0:01:02]} Bxd5 {[%emt 0:00:23]} 21. exd5 {[%emt 0:00:09]} Re7 {[%emt 0:09:04]} 22. Rhe1 {[%emt 0:04:54]} Rxe1 {[%emt 0:00:45]} 23. Rxe1 {[%emt 0:01:20]} Kf8 {[%emt 0:00:19]} 24. Rc1 {[%emt 0:02:15]} Rxd5 {[%emt 0:01:30]} 25. Rc6 {[%emt 0:07:42]} a5 {[%emt 0:09:16]} 26. Ne4 {[%emt 0:02:56]} Be5 {[%emt 0:20:15]} 27. g3 {[%emt 0:07:15]} f5 {[%emt 0:01:12]} 28. Ng5 {[%emt 0:01:44]} h6 {[%emt 0:04:35]} 29. Ne6+ {[%emt 0:01:23]} Kf7 {[%emt 0:00:57]} 30. f4 {[%emt 0:01:48]} Bd6 {[%emt 0:03:05] Ke4} 1/2-1/2